000 00535nam a2200145 4500
999 _c15337
_d15337
008 200527b ||||| |||| 00| 0 eng d
022 _a2094-8042
082 _aDPer 370.105 M72 June 2010-Mar 2011 v. 59 n. 1-10
100 _aTabian, Regina M.
_942160
245 _aCoral reefs:
_bScience and health V/
_cRegina M. Tabian.
260 _aPhilippines:
_bIn the Grade School, Inc.,
_cc2010-2011.
300 _av59 n2, pages 72-73:
_billustrations;
_c28 cm.
650 _aProgrammed instruction
_942161
_xScience and health.
942 _2ddc
_cPER